| 000 | 00394nam a2200193Ia 4500 | ||
|---|---|---|---|
| 008 | 210210b1947 xxu||||| |||| 00| 0 eng d | ||
| 041 | _aeng | ||
| 082 | _a520/209 | ||
| 100 | _a- | ||
| 245 | _aSky sets II: the moon | ||
| 260 |
_aCambridge _b- _c1947 |
||
| 300 | _a24 | ||
| 650 | _aSky | ||
| 650 | _asets | ||
| 650 | _amoon | ||
| 650 | _aII: | ||
| 690 | _aAstronomy | ||
| 906 | _a008194 | ||
| 999 |
_c126080 _d126080 |
||